Music Quiz

Random Music or Pop Music Quiz

Backstreet Boys Albums Quiz Stats

 Plays Quiz Updated Jan 25, 2019

Support Sporcle.
Go Orange.
Score 0/9 Timer 05:00
1 Play Today
Year Album % Correct
1996Backstreet Boys
91.2%
2000Black & Blue
76%
1997Backstreet's Back
74.1%
1999Millennium
72.3%
2005Never Gone
57.9%
2009This Is Us
55.8%
2019DNA
53.1%
2007Unbreakable
51.9%
2013In a World Like This
44%

From the Vault

Geo Match-Up: Country, Capital, Language, Currency

by citkeane

It's time to go back to the basics. Or maybe the bank.
Remove Ads.
Support Sporcle.
Get the best of Sporcle when you Go Orange. This ad-free experience offers more features, more stats, and more fun while also helping to support Sporcle. Thank you for becoming a member.

Show Comments

Extras

Top Quizzes Today


Score Distribution

Your Account Isn't Verified!

In order to create a playlist on Sporcle, you need to verify the email address you used during registration. Go to your Sporcle Settings to finish the process.

Report this User

Report this user for behavior that violates our Community Guidelines.

Details: